000 00323nam a22001457a 4500
008 210301b ||||| |||| 00| 0 eng d
020 _a9781256853022
041 _aeng
080 _a510
082 _a510
100 _a36
101 _aMAT
245 _aDevelopmental Math and Algebra
_cMartin-Gay, E
942 _2udc
_cBK
999 _c55407
_d55407